Busiest Airports in New Zealand - Statistics

General Stats
  • This quiz has been taken 22 times
  • The average score is 6 of 10
Answer Stats
Answer Passengers % Correct
Auckland 18,528,725
100%
Christchurch 6,445,475
100%
Wellington 5,446,121
100%
Dunedin 903,906
81%
Queenstown 2,487,626
62%
Nelson 915,600
48%
Palmerston North 534,651
43%
Tauranga 531,041
38%
New Plymouth 401,686
29%
Hawke's Bay 646,096
19%
No matching quizzes found
Score Distribution
Percent of People with Each Score
Percentile by Number Answered
Your Score History
You have not taken this quiz